00475 2200181 4500001002100000008004100021035002000062245004600082100002600128250002000154260003100174300002100205020002200226084001600248082001000264650001000274990000900284INLIS000000000002630 ind  a0010-0425002630 aLima Bintang TimurcMuthia Esfand-Tisa Ts aMuthia Esfand-Tisa Ts aCetakan Pertama aJakarta :bErlangga,c2024 a209 hlm.c20 cm. a978-623-7478-93-5 a808.9 MUT l a808.9 aFiksi a6384